ORGANIC CHEMISTRY (Record no. 9335)

MARC details
000 -LEADER
fixed length control field 00547nam a22001697a 4500
003 - CONTROL NUMBER IDENTIFIER
control field SGT
020 ## - INTERNATIONAL STANDARD BOOK NUMBER
International Standard Book Number 9788131704813
082 ## - DEWEY DECIMAL CLASSIFICATION NUMBER
Classification number 547, MOR
100 ## - MAIN ENTRY--PERSONAL NAME
Personal name MORRISON THORNTON ROBERT
245 ## - TITLE STATEMENT
Title ORGANIC CHEMISTRY
250 ## - EDITION STATEMENT
Edition statement 7TH
260 ## - PUBLICATION, DISTRIBUTION, ETC. (IMPRINT)
Place of publication, distribution, etc NEW DELHI
Name of publisher, distributor, etc PEARSON
Year of Publication 2011
300 ## - PAGE DESCRIPTION
No. of Pages 1472
650 ## - SUBJECT ADDED ENTRY--TOPICAL TERM
Topical term or geographic name as entry element ORGANIC CHEMISTRY
653 ## - KEYWORDS--INDEX TERM
Keyword term FUNDAMENTALS OF ORGANIC CHEMISTRY PART, CHEMISTRY OF FUNCTIONAL GROUPS PART, SPECIAL TOPICSPART, BIOMOLECULES AND BIOORGANIC CHEMISTRY PART, CONTEMPORARY AND FUTURE ORGANIC CHEMISTRY
942 ## - ADDED ENTRY ELEMENTS (KOHA)
Source of classification or shelving scheme Dewey Decimal Classification
Koha item type FPS Books
Holdings
Withdrawn status Lost status Source of classification or shelving scheme Damaged status Not for loan Collection code Home library Current library Shelving location Date acquired Vendor Name Cost, normal purchase price SGTU Bill Number Full call number Accession No. (Barcode) Date last seen Bill Date Koha item type Total Checkouts Date last borrowed
    Dewey Decimal Classification   Not For Loan SCIENCE SGT Science & Social Sciences Library SGT Science & Social Sciences Library Reference Book 29/06/2016 KIRTI PRAKASHAN 875.00 SGTU 2947 547, MOR PS945 29/06/2016 19/09/2015 FPS Books    
    Dewey Decimal Classification     SCIENCE SGT Science & Social Sciences Library SGT Science & Social Sciences Library Text Book 29/06/2016 KIRTI PRAKASHAN 875.00 SGTU 2947 547, MOR PS946 15/02/2021 19/09/2015 FPS Books 6 05/02/2021
    Dewey Decimal Classification     SCIENCE SGT Science & Social Sciences Library SGT Science & Social Sciences Library Text Book 29/06/2016 KIRTI PRAKASHAN 875.00 SGTU 2947 547, MOR PS947 19/09/2019 19/09/2015 FPS Books 5 22/08/2019